[Event "Mecklenburg VP-ch U18"]
[Site "Malchow"]
[Date "2019.02.05"]
[Round "5.4"]
[White "Borkowski, Till Aaron"]
[Black "Troemer, Axel"]
[Result "0-1"]
[WhiteElo "1404"]
[BlackElo "1381"]
[PlyCount "48"]
[EventDate "2019.02.02"]
[EventType "swiss"]
[EventRounds "7"]
[EventCountry "GER"]
[SourceTitle "EXT 2022"]
[Source "ChessBase"]
[SourceDate "2021.10.06"]
[SourceVersion "1"]
[SourceVersionDate "2021.10.06"]
[SourceQuality "1"]

1. e4 c6 2. d4 d5 3. exd5 cxd5 4. g3 Bf5 5. Bg2 e6 6. c4 Nf6 7. Bg5 Qa5+ 8. Nd2 Ne4 9. Be3 Nc6 10. a3 dxc4 11. Ne2 Rd8 12. Bxe4 Bxe4 13. 0-0 Bd3 14. Re1 Be7 15. Nf4 Qf5 16. g4 Qb5 17. Nxd3 cxd3 18. Qb3 Qxb3 19. Nxb3 Bf6 20. Rad1 Bxd4 21. Bxd4 Nxd4 22. Rxd3 Ne2+ 23. Rxe2 Rxd3 24. Rc2 0-0 0-1

[Event "Mecklenburg VP-ch U16"]
[Site "Malchow"]
[Date "2018.02.07"]
[Round "6.1"]
[White "Borkowski, Till Aaron"]
[Black "Wurst, Benedikt"]
[Result "1/2-1/2"]
[WhiteElo "1404"]
[BlackElo "1673"]
[PlyCount "82"]
[EventDate "2018.02.07"]
[EventType "swiss"]
[EventRounds "7"]
[EventCountry "GER"]
[SourceTitle "EXT 2022"]
[Source "ChessBase"]
[SourceDate "2021.10.06"]
[SourceVersion "1"]
[SourceVersionDate "2021.10.06"]
[SourceQuality "1"]

1. e4 e5 2. Nf3 Nc6 3. Bb5 a6 4. Ba4 Nf6 5. 0-0 Be7 6. d3 b5 7. Bb3 d6 8. h3 Na5 9. c3 Nxb3 10. Qxb3 Be6 11. Qc2 0-0 12. Re1 c5 13. c4 b4 14. a3 a5 15. b3 Nd7 16. Nh2 f5 17. f3 Bh4 18. Rf1 h5 19. Qe2 Qe8 20. Be3 Qg6 21. Kh1 Qh7 22. Nd2 f4 23. Bf2 Bxf2 24. Qxf2 g5 25. Kg1 Nf6 26. g4 fxg3 27. Qxg3 Kh8 28. Kh1 Rg8 29. a4 Qd7 30. h4 g4 31. f4 exf4 32. Qxf4 Nh7 33. Qg3 Rgf8 34. Rxf8+ Rxf8 35. Rf1 Rxf1+ 36. Nhxf1 Kg8 37. Ne3 Kf8 38. Qf4+ Ke8 39. Kg2 Kd8 40. Kg3 Qe7 41. Ng2 Kd7 1/2-1/2

[Event "Mecklenburg VP-ch U16"]
[Site "Malchow"]
[Date "2018.02.07"]
[Round "5.3"]
[White "Gazizov, Max"]
[Black "Borkowski, Till Aaron"]
[Result "1/2-1/2"]
[WhiteElo "1543"]
[BlackElo "1404"]
[PlyCount "122"]
[EventDate "2018.02.07"]
[EventType "swiss"]
[EventRounds "7"]
[EventCountry "GER"]
[SourceTitle "EXT 2022"]
[Source "ChessBase"]
[SourceDate "2021.10.06"]
[SourceVersion "1"]
[SourceVersionDate "2021.10.06"]
[SourceQuality "1"]

1. d4 d5 2. c4 e6 3. Nc3 Nf6 4. cxd5 exd5 5. Bg5 Be7 6. e3 c6 7. Bd3 0-0 8. Nge2 Re8 9. 0-0 Ne4 10. Bxe7 Rxe7 11. Bxe4 dxe4 12. Qc2 f5 13. b4 Be6 14. f3 Bd5 15. fxe4 Bxe4 16. Nxe4 Rxe4 17. Qb3+ Kh8 18. Rxf5 Nd7 19. Ng3 Re8 20. b5 Qe7 21. bxc6 bxc6 22. Rf7 Qd8 23. Re1 Nf6 24. Qc4 Qd5 25. Qxd5 cxd5 26. h3 Kg8 27. Rc7 Rec8 28. Rec1 Re8 29. Nf5 g6 30. Nh6+ Kh8 31. Nf7+ Kg8 32. Ne5 Red8 33. Rf7 Rf8 34. Rxf8+ Kxf8 35. Rc7 Ke8 36. Nc6 a5 37. Ra7 Rxa7 38. Nxa7 Kd7 39. Nb5 Ne4 40. a4 g5 41. Kf1 h5 42. Ke2 g4 43. hxg4 hxg4 44. Kd3 Nf2+ 45. Kd2 Ne4+ 46. Kc2 Nf6 47. Nc3 Ke6 48. Kd3 Kf5 49. Nb1 Kg5 50. Nd2 Kh4 51. Ke2 Kg3 52. Kf1 Kh2 53. Kf2 g3+ 54. Kf3 Ne4 55. Nf1+ Kg1 56. Nxg3 Nd2+ 57. Kf4 Kxg2 58. e4 dxe4 59. Nxe4 Nc4 60. d5 Nb6 61. Nc5 Nxd5+ 1/2-1/2

[Event "Mecklenburg VP-ch Youth"]
[Site "Malchow"]
[Date "2017.02.16"]
[Round "1.10"]
[White "Borkowski, Till Aaron"]
[Black "Kunz, Nelli"]
[Result "1-0"]
[WhiteElo "1357"]
[BlackElo "848"]
[PlyCount "71"]
[EventDate "2017.02.08"]
[EventType "swiss"]
[EventRounds "7"]
[EventCountry "GER"]
[SourceTitle "EXT 2022"]
[Source "ChessBase"]
[SourceDate "2021.10.06"]
[SourceVersion "1"]
[SourceVersionDate "2021.10.06"]
[SourceQuality "1"]

1. e4 c5 2. Nf3 d6 3. d4 cxd4 4. Nxd4 Nf6 5. Nc3 g6 6. Bc4 Bg7 7. 0-0 0-0 8. Re1 Nbd7 9. Bg5 Ne5 10. Bd5 e6 11. Bb3 a6 12. Nf3 Qc7 13. Nxe5 dxe5 14. Qf3 Nd7 15. Rad1 Qc6 16. Rd2 f6 17. Be3 Nc5 18. Bxc5 Qxc5 19. Red1 b6 20. Rd6 Re8 21. Na4 Qb5 22. Nxb6 Rb8 23. Nxc8 Rbxc8 24. Bxe6+ Rxe6 25. Rxe6 Kf7 26. Red6 Bf8 27. Qxf6+ Kg8 28. Qe6+ Kg7 29. Rd7+ Kh6 30. Qh3+ Kg5 31. g3 Kf6 32. Qh4+ Ke6 33. Qg4+ Kf6 34. h4 Qxb2 35. Qf3+ Ke6 36. Qf7# 1-0

[Event "Mecklenburg VP-ch Youth"]
[Site "Malchow"]
[Date "2017.02.16"]
[Round "3.6"]
[White "Borkowski, Till Aaron"]
[Black "Stadach, Pepe"]
[Result "1/2-1/2"]
[WhiteElo "1357"]
[BlackElo "1220"]
[PlyCount "41"]
[EventDate "2017.02.08"]
[EventType "swiss"]
[EventRounds "7"]
[EventCountry "GER"]
[SourceTitle "EXT 2022"]
[Source "ChessBase"]
[SourceDate "2021.10.06"]
[SourceVersion "1"]
[SourceVersionDate "2021.10.06"]
[SourceQuality "1"]

1. e4 e5 2. Nf3 Nc6 3. Bb5 a6 4. Ba4 Nf6 5. 0-0 Bc5 6. Bxc6 dxc6 7. Nxe5 Nxe4 8. Qf3 Nf6 9. Nxc6 Qd6 10. Re1+ Be6 11. Ne5 0-0-0 12. d3 Rde8 13. Bd2 Bd5 14. Qf5+ Kb8 15. Nf3 Qb6 16. Rxe8+ Rxe8 17. Bc3 Bxf3 18. Qxf3 Bb4 19. g3 Bxc3 20. Nxc3 c6 21. Rb1 1/2-1/2

[Event "Mecklenburg VP-ch Youth"]
[Site "Malchow"]
[Date "2017.02.16"]
[Round "5.7"]
[White "Borkowski, Till Aaron"]
[Black "Wolfgramm, Egon"]
[Result "1-0"]
[WhiteElo "1357"]
[BlackElo "1160"]
[PlyCount "47"]
[EventDate "2017.02.08"]
[EventType "swiss"]
[EventRounds "7"]
[EventCountry "GER"]
[SourceTitle "EXT 2022"]
[Source "ChessBase"]
[SourceDate "2021.10.06"]
[SourceVersion "1"]
[SourceVersionDate "2021.10.06"]
[SourceQuality "1"]

1. e4 d5 2. exd5 Nf6 3. Nf3 Nxd5 4. Bc4 Nb6 5. Bb3 Bf5 6. d3 e6 7. Bf4 N8d7 8. 0-0 Qf6 9. Nc3 c6 10. Re1 Bg4 11. Bg3 Be7 12. Rb1 0-0 13. Ne4 Qg6 14. Kf1 f5 15. Ned2 f4 16. Bh4 Bxh4 17. Nxh4 Qg5 18. Nhf3 Qh6 19. h3 Bf5 20. Nd4 Rae8 21. Ne4 Kh8 22. Nd6 Re7 23. N6xf5 Rxf5 24. Nxf5 1-0

[Event "Mecklenburg VP-ch Youth"]
[Site "Malchow"]
[Date "2017.02.16"]
[Round "6.6"]
[White "Noske, Janek"]
[Black "Borkowski, Till Aaron"]
[Result "0-1"]
[WhiteElo "1132"]
[BlackElo "1357"]
[PlyCount "74"]
[EventDate "2017.02.08"]
[EventType "swiss"]
[EventRounds "7"]
[EventCountry "GER"]
[SourceTitle "EXT 2022"]
[Source "ChessBase"]
[SourceDate "2021.10.06"]
[SourceVersion "1"]
[SourceVersionDate "2021.10.06"]
[SourceQuality "1"]

1. e4 e5 2. Nf3 Nc6 3. Bc4 Nf6 4. d3 Bc5 5. 0-0 d6 6. Re1 Bg4 7. c3 0-0 8. Be3 Bb6 9. Bxb6 axb6 10. d4 exd4 11. cxd4 d5 12. exd5 Nxd5 13. Qd3 Nf6 14. Ne5 Qxd4 15. Qxd4 Nxd4 16. Rc1 b5 17. Nd2 bxc4 18. Rxc4 Rfd8 19. h3 Be6 20. Rxc7 Ne2+ 21. Kf1 Rxd2 22. Rxb7 g6 23. Nf3 Rc2 24. a3 Bd5 25. Re7 Bxf3 26. gxf3 Nf4 27. b4 Rac8 28. Ke1 Re8 29. Rxe8+ Nxe8 30. a4 Rb2 31. a5 Nd3+ 32. Kd1 Nxb4 33. Kc1 Ra2 34. Rxa2 Nxa2+ 35. Kb2 Nb4 36. Kb3 Na6 37. Ka4 Nec7 0-1

[Event "Mecklenburg VP-ch Youth"]
[Site "Malchow"]
[Date "2017.02.16"]
[Round "4.5"]
[White "Petrow, Jonas"]
[Black "Borkowski, Till Aaron"]
[Result "1-0"]
[WhiteElo "1649"]
[BlackElo "1357"]
[PlyCount "107"]
[EventDate "2017.02.08"]
[EventType "swiss"]
[EventRounds "7"]
[EventCountry "GER"]
[SourceTitle "EXT 2022"]
[Source "ChessBase"]
[SourceDate "2021.10.06"]
[SourceVersion "1"]
[SourceVersionDate "2021.10.06"]
[SourceQuality "1"]

1. d4 d5 2. c4 c6 3. Nf3 Nf6 4. Bf4 e6 5. e3 b6 6. Nc3 Nbd7 7. Be2 Be7 8. 0-0 0-0 9. Qc2 h6 10. Rac1 Bb7 11. cxd5 cxd5 12. Qd2 Ne4 13. Nxe4 dxe4 14. Bc7 Qe8 15. Ne5 Nxe5 16. Bxe5 Rc8 17. Rxc8 Qxc8 18. Rc1 Qa8 19. Rc7 Bd8 20. Rc2 Re8 21. Bb5 Rf8 22. Bd6 a6 23. Bxf8 Kxf8 24. Ba4 b5 25. Bb3 Qb8 26. Qc3 Kg8 27. a4 bxa4 28. Bxa4 Bd5 29. Bc6 Qd6 30. Bxd5 Qxd5 31. Rc1 a5 32. Qc4 Be7 33. Qxd5 exd5 34. Rc8+ Kh7 35. Ra8 Bb4 36. Rd8 Kg6 37. Rxd5 Kf6 38. Kf1 Ke6 39. Rb5 f5 40. Ke2 g6 41. f3 Kf6 42. fxe4 fxe4 43. b3 h5 44. Re5 Bd6 45. Rxe4 Bxh2 46. d5 Be5 47. Ra4 Bc3 48. Rc4 Bb4 49. Kf3 Ke5 50. e4 g5 51. Ke3 g4 52. Rxb4 axb4 53. g3 Kf6 54. Kf4 1-0

[Event "Mecklenburg VP-ch Youth"]
[Site "Malchow"]
[Date "2017.02.16"]
[Round "7.3"]
[White "Schumacher, Ole"]
[Black "Borkowski, Till Aaron"]
[Result "1-0"]
[WhiteElo "1711"]
[BlackElo "1357"]
[PlyCount "69"]
[EventDate "2017.02.08"]
[EventType "swiss"]
[EventRounds "7"]
[EventCountry "GER"]
[SourceTitle "EXT 2022"]
[Source "ChessBase"]
[SourceDate "2021.10.06"]
[SourceVersion "1"]
[SourceVersionDate "2021.10.06"]
[SourceQuality "1"]

1. d4 Nf6 2. c4 e6 3. g3 c5 4. d5 exd5 5. cxd5 d6 6. Bg2 Bf5 7. Nc3 Be7 8. Nf3 0-0 9. 0-0 Nbd7 10. Nd2 Re8 11. e4 Bg6 12. f4 h6 13. Nc4 Bf8 14. Re1 Nb6 15. Qb3 Nxc4 16. Qxc4 Qb6 17. Qb5 Qxb5 18. Nxb5 Rad8 19. e5 a6 20. Nc3 dxe5 21. fxe5 Nd7 22. e6 fxe6 23. dxe6 c4 24. Bf4 Nc5 25. Bd5 Kh8 26. Bxc4 Bd3 27. Bd5 Bf5 28. Bc7 Rc8 29. Bb6 Bxe6 30. Bg2 Nd7 31. Bf2 Bc5 32. Bxb7 Bxf2+ 33. Kxf2 Nc5 34. Bxc8 Nd3+ 35. Kg1 1-0

[Event "Mecklenburg VP-ch U14"]
[Site "Malchow"]
[Date "2015.02.03"]
[Round "6.10"]
[White "Stobbe, Virginie Josephine"]
[Black "Borkowski, Till Aaron"]
[Result "0-1"]
[WhiteElo "824"]
[BlackElo "1204"]
[PlyCount "84"]
[EventDate "2015.01.31"]
[EventType "swiss"]
[EventRounds "7"]
[EventCountry "GER"]
[SourceTitle "EXT 2022"]
[Source "ChessBase"]
[SourceDate "2021.10.06"]
[SourceVersion "1"]
[SourceVersionDate "2021.10.06"]
[SourceQuality "1"]

1. e4 e5 2. Nf3 Nc6 3. Bc4 Bc5 4. d3 d6 5. Nc3 Nf6 6. 0-0 h6 7. Be3 Bxe3 8. fxe3 Bg4 9. Qe2 0-0 10. h3 Be6 11. Rae1 Bxc4 12. dxc4 Qe7 13. Rd1 Rad8 14. Nd5 Nxd5 15. cxd5 Nb8 16. Qb5 c6 17. Qd3 cxd5 18. exd5 e4 19. Qe2 exf3 20. Qxf3 Nd7 21. Rd4 Nf6 22. Rh4 Qe5 23. Rd1 Rfe8 24. Rd3 Rc8 25. c3 b5 26. a3 Rc4 27. Kf2 Rxh4 28. b3 Ne4+ 29. Ke2 Nxc3+ 30. Kd2 Nb1+ 31. Ke2 Qb2+ 32. Kd1 Rc8 33. Ke1 Rc1+ 34. Rd1 Qd2+ 35. Kf1 Rxd1+ 36. Qxd1 Qxd1+ 37. Kf2 Nd2 38. a4 Qf1+ 39. Kg3 Qe1+ 40. Kh2 Nf3+ 41. gxf3 Qf2+ 42. Kh1 Rxh3# 0-1

[Event "Mecklenburg VP-ch U14"]
[Site "Malchow"]
[Date "2015.02.02"]
[Round "4.8"]
[White "Borkowski, Till Aaron"]
[Black "Bohndorf, Tobias"]
[Result "0-1"]
[WhiteElo "1204"]
[BlackElo "1026"]
[PlyCount "116"]
[EventDate "2015.01.31"]
[EventType "swiss"]
[EventRounds "7"]
[EventCountry "GER"]
[SourceTitle "EXT 2022"]
[Source "ChessBase"]
[SourceDate "2021.10.06"]
[SourceVersion "1"]
[SourceVersionDate "2021.10.06"]
[SourceQuality "1"]

1. e4 e5 2. Bc4 Nf6 3. Nc3 Nc6 4. Nf3 Bb4 5. d3 0-0 6. Bg5 d6 7. h3 Re8 8. a3 Bc5 9. 0-0 Be6 10. Bxe6 Rxe6 11. Nd5 Kh8 12. Nxf6 gxf6 13. Bh6 Qg8 14. Bd2 Bb6 15. Re1 Qg6 16. Nh4 Qg7 17. Qf3 Nd4 18. Qd1 Rg8 19. Be3 f5 20. Bxd4 Bxd4 21. exf5 Rh6 22. g4 Rxh4 23. Kg2 Qh6 24. Rh1 Qf4 25. Qf3 Qg5 26. Kg3 h5 27. c3 hxg4 28. hxg4 Qxg4+ 29. Qxg4 Rgxg4+ 30. Kf3 Rf4+ 31. Kg3 Bxf2+ 32. Kg2 Rxh1 33. Rxh1+ Rh4 34. Rd1 Rf4 35. Rf1 Be3 36. Rh1+ Kg7 37. Rh3 Bc1 38. b4 Rxf5 39. Rg3+ Rg5 40. Rxg5+ Bxg5 41. Kf3 Bc1 42. a4 Bd2 43. d4 Bxc3 44. dxe5 dxe5 45. b5 f5 46. Kg3 Kg6 47. Kf3 Kg5 48. Kg3 e4 49. a5 f4+ 50. Kf2 Kg4 51. b6 cxb6 52. axb6 axb6 53. Kg2 b5 54. Kf2 b4 55. Ke2 b3 56. Kd1 b2 57. Kc2 f3 58. Kd1 b1Q# 0-1